| 000 | 01041nam a2200313 c 4500 | ||
|---|---|---|---|
| 999 |
_c149665 _d149665 |
||
| 003 | BLK | ||
| 005 | 20220228095650.0 | ||
| 008 | 180410b bul|||||r ||||||| ||bul|| | ||
| 010 | _aKNG00155940000 | ||
| 040 | _aBLK | ||
| 041 |
_aBUL _cBUL |
||
| 072 | 7 |
_2bullib _aН84 _xБългарска художествена литература Н |
|
| 072 | 7 |
_2bullib _aК _xКраезнание |
|
| 080 |
_aБългарска литература _b821.163.2 _x-32 _z821.163.2-32 |
||
| 100 | 1 |
_aТончева, Людмила Стефанова _eпърви автор _9330596 |
|
| 139 |
_aТончева, Людмила Стефанова _bТ 73 |
||
| 245 | 1 | 0 |
_aНики _cЛюдмила Стефанова Тончева. |
| 257 | _aBGR | ||
| 260 |
_bИзд. авт. _c2013 |
||
| 300 |
_a95 с. _c21 см |
||
| 380 | _aX | ||
| 659 | _aК | ||
| 659 | _aН | ||
| 852 | _aЦб 267945 | ||
| 852 | _aК 821.163.2/Т 73 Л | ||
| 856 | 4 | _qpdf | |
| 856 | 4 | _qpdf | |
| 942 |
_cKNG _n0 _s1 |
||
| 944 |
_aCR _c23.01.2014 _lф / _kЛюдмила_Стоянова |
||
| 944 |
_aED _c24.03.2014 _lф / |
||
| 999 | _d149665 | ||